000 00412nam a22001697a 4500
003 LK-CoMWRAF
005 20231121141009.0
008 231121b |||||||| |||| 00| 0 eng d
040 _aLK-CoMWRAF
_dLK-CoMWRAF
_eLK-CoMWRAF
041 _aeng
082 _a821
_bSTU
245 _aA Students' book of English poetry
260 _bMacmillan,
650 _aEnglish poetry
700 _aMathur, B. P.
942 _cBK
999 _c4195
_d4195